| 000 | 01235nam a2200325 a 4500 | ||
|---|---|---|---|
| 001 | ebr10231239 | ||
| 003 | CaPaEBR | ||
| 006 | m u | ||
| 007 | cr cn||||||||| | ||
| 008 | 721006s1961 mnu sb 001 0 eng d | ||
| 010 | _z 61007724 | ||
| 020 | _z9780816602292 | ||
| 020 | _z9780816661992 | ||
| 040 |
_aCaPaEBR _cCaPaEBR |
||
| 035 | _a(OCoLC)76413496 | ||
| 043 | _an-us--- | ||
| 050 | 1 | 4 |
_aE184.W4 _bC6 1961eb |
| 082 | 0 | 4 | _a325.24290973 |
| 245 | 0 | 4 |
_aThe Welsh in America _h[electronic resource] : _bletters from the immigrants / _cedited by Alan Conway. |
| 260 |
_aMinneapolis : _bUniversity of Minnesota Press, _c[1961] |
||
| 300 | _a341 p. | ||
| 504 | _aIncludes bibliographical references (p. 330-332) and index. | ||
| 533 |
_aElectronic reproduction. _bPalo Alto, Calif. : _cebrary, _d2013. _nAvailable via World Wide Web. _nAccess may be limited to ebrary affiliated libraries. |
||
| 650 | 0 |
_aWelsh _zUnited States. |
|
| 651 | 0 |
_aUnited States _xDescription and travel. |
|
| 655 | 7 |
_aElectronic books. _2local |
|
| 700 | 1 | _aConway, Alan. | |
| 710 | 2 | _aebrary, Inc. | |
| 856 | 4 | 0 |
_uhttp://site.ebrary.com/lib/rucke/Doc?id=10231239 _zAn electronic book accessible through the World Wide Web; click to view |
| 999 |
_c153841 _d153841 |
||